Some shape of beauty

Bibliographic Details
Main Author: Traill
Format: Book
Published: Kuala Lumpur : The Incorporated Society of Planters , 1986
Subjects:

MARC

LEADER 00000cam a2200000 7i4500
001 0000000230
005 20000721.0
020 0 0 |a 9679949230 
090 0 0 |a 959.052   |b TRA 1986 
100 1 0 |a Traill   |h H.F. O'B. 
245 1 0 |a Some shape of beauty   |c H.F. O'B. Traill 
260 0 0 |a Kuala Lumpur :   |b The Incorporated Society of Planters ,   |c 1986 
300 |a vii, 113 p. :   |b map. ;   |c 22 cm. 
650 0 0 |a Prisoners of war   |z Asia, Southeastern 
650 0 0 |a World War, 1939-1945   |x Prisoners and prisons 
999 |a 0000001068   |b Monograph   |c Open Shelf   |e Default branch